Máximos goleadores Argentinos. - Estadísticas

Estadísticas generales
  • Esta prueba ha sido intentada 120 veces
  • La puntuación promedio es 9 de 20
Estadísticas de respuestas
Nombre Goles Partidos Promedio Período % Correcto
Lionel Messi 855 1089 0.8 2004-Act.
100%
Sergio Agüero 426 786 0.54 2003-2021
93%
Gabriel Batistuta 353 590 0.56 1988-2005
92%
Diego Maradona 359 704 0.51 1976-1997
90%
Gonzalo Higuaín 366 786 0.47 2004-2022
87%
Mario Kempes 357 649 0.55 1973-1996
74%
Alfredo Di Stéfano 512 706 0.73 1945-1966
70%
Hernán Crespo 318 670 0.47 1993-2011
70%
Carlos Tevez 322 824 0.39 2001-2021
61%
Ángel Labruna 338 593 0.57 1939-1961
37%
Carlos Bianchi 433 606 0.71 1967-1984
26%
José Sand 317 756 0.42 1997-2023
24%
José Sanfilippo 344 484 0.71 1953-1972
11%
Alberto Acosta 314 677 0.46 1986-2004
10%
Germán Cano 311 644 0.48 2008-Act.
8%
Delio Onnis 461 706 0.65 1966-1986
7%
Luis Artime 391 494 0.79 1959-1972
6%
Hernán Barcos 326 752 0.43 2004-Act.
5%
Atilio García 337 366 0.92 1933-1951
4%
Sebastián Tagliabúe 353 590 0.6 2003-2024
1%
No se encontraron pruebas coincidentes
Distribución de puntuación
Porcentaje de gente con cada puntuación
Porcentaje por número respondido
Historial de tus puntuaciones
No has intentado esta prueba.